| Tag |
First Indicator |
Second Indicator |
Subfields |
| LEADER |
00000cam a2200000 4500 |
| 001 |
in00000058238 |
| 005 |
20151008051516.0 |
| 008 |
720307s1966 tnua b 001 0 eng |
| 010 |
|
|
|a 66015287
|
| 019 |
|
|
|a 267999
|a 1201582770
|a 1201584408
|a 1201588284
|a 1201826272
|a 1201841505
|a 1201845792
|a 1201889393
|a 1201903041
|a 1201908671
|a 1201910893
|a 1202005301
|a 1202006516
|a 1202019229
|
| 029 |
1 |
|
|a AU@
|b 000014284963
|
| 035 |
|
|
|a (OCoLC)256674
|
| 040 |
|
|
|a DLC
|b eng
|c WSU
|d OCL
|d SER
|d OCL
|d OCLCQ
|d STF
|d DEBBG
|d BDX
|d OCLCF
|d JYJ
|d OCLCQ
|d OCL
|d OCLCO
|d NLC
|d OCLCQ
|d GILDS
|d OCLCO
|d OCLCA
|d CPO
|d OCLCA
|d KPV
|d OCLCO
|d CFI
|d OCLCO
|d IL4J6
|d OCLCO
|d OCLCQ
|d NKM
|d TMK
|
| 043 |
|
|
|a n-us-tn
|
| 049 |
|
|
|a TXAM
|
| 050 |
|
0 |
|a HN79.T2
|b M3
|
| 050 |
0 |
4 |
|a HN79.T2
|b M3
|
| 082 |
0 |
4 |
|a 309.1768
|
| 084 |
|
|
|a MS 1900
|2 rvk
|
| 092 |
|
|
|a 309.1768
|b M438n
|
| 100 |
1 |
|
|a Matthews, Elmora Messer,
|e author.
|
| 245 |
1 |
0 |
|a Neighbor and kin :
|b life in a Tennessee ridge community /
|c by Elmora Messer Matthews, [foreword by John Mogey].
|
| 260 |
|
|
|a [Nashville] :
|b Vanderbilt University Press,
|c 1965 [i.e. 1966]
|
| 264 |
|
1 |
|a [Nashville] :
|b Vanderbilt University Press,
|c 1965 [i.e. 1966]
|
| 300 |
|
|
|a xxx, 178 pages :
|b illustrations ;
|c 23 cm
|
| 336 |
|
|
|a text
|b txt
|2 rdacontent
|
| 337 |
|
|
|a unmediated
|b n
|2 rdamedia
|
| 338 |
|
|
|a volume
|b nc
|2 rdacarrier
|
| 504 |
|
|
|a Includes bibliographical references (pages 159-164) and index.
|
| 505 |
0 |
|
|a Early family structure -- Marriage, residence, and inheritance -- Names and titles -- The strong collateral bond -- Territorial references -- Work norms and practices -- The deme's values -- Structural strain -- Endogamy, consolidation, and the double bond -- Some particularistic-ascriptive patterns -- Social system control and the egalitarian ideal -- An explanation of strain.
|
| 650 |
|
7 |
|a Social conditions
|2 fast
|0 (OCoLC)fst01919811
|
| 651 |
|
0 |
|a Tennessee
|x Social conditions
|v Case studies.
|
| 655 |
|
4 |
|a Case studies.
|
| 700 |
1 |
|
|a Mogey, John M.,
|e writer of foreword.
|
| 776 |
0 |
8 |
|i Online version:
|a Matthews, Elmora Messer.
|t Neighbor and kin.
|d [Nashville] Vanderbilt University Press, 1965 [i.e. 1966]
|w (OCoLC)608621183
|
| 938 |
|
|
|a Brodart
|b BROD
|n 22894934
|c $5.00
|
| 999 |
|
|
|a MARS
|
| 999 |
f |
f |
|s 910aeea2-c8ad-36db-b248-c0720514f783
|i 950d7aee-c5ca-3150-a241-6d48846ed704
|t 0
|
| 952 |
f |
f |
|p ric
|a Texas A&M University
|b Rellis Campus
|c Joint Library Facility
|s JLF
|d Remote Storage
|t 0
|e HN79.T2 M3
|h Library of Congress classification
|i unmediated -- volume
|m A14800650860
|